00421nam a2200157Ia 450000500170000000800410001702000180005808200190007610000150009524500710011026000350018130000120021665000110022865000100023965000140024920250220020114.0240331s9999 xx 000 0 und d a9789555035903 bTHA26110a948 aThanges, P 0aYalpānach Chamookam:bSāthi, Inathuvam Muthalāya Katturaikal aColombobMalar Veliyeeduc2007 a159 p., aJaffna aCaste aEthnicity